Structural aspects of building conservation

This practical guide to the assessment and repair of historic buildings is invaluable for structural engineers, architects, surveyors and builders working in all aspects of building conservation. Taking a practical step-by-step approach, the authors discuss the appraisal of buildings and the differe...

Full beskrivning

Sparad:
Bibliografiska uppgifter
Huvudupphovsman: Beckmann, Poul
Materialtyp: Bok
Språk:Undetermined
Publicerad: Oxford Elsevier Butterworth-Heinemann 2004
Ämnen:
Taggar: Lägg till en tagg
Inga taggar, Lägg till första taggen!
Thư viện lưu trữ: Trung tâm Học liệu Trường Đại học Cần Thơ
LEADER 01575nam a2200217Ia 4500
001 CTU_137928
008 210402s9999 xx 000 0 und d
020 |c 840000 
082 |a 690.24 
082 |b B393 
100 |a Beckmann, Poul 
245 0 |a Structural aspects of building conservation 
245 0 |c Paul Beckmann, Robert Bowles 
260 |a Oxford 
260 |b Elsevier Butterworth-Heinemann 
260 |c 2004 
520 |a This practical guide to the assessment and repair of historic buildings is invaluable for structural engineers, architects, surveyors and builders working in all aspects of building conservation. Taking a practical step-by-step approach, the authors discuss the appraisal of buildings and the differences in structural behaviour between new and existing structures. Each stage in the appraisal is explained, using examples from the authors' own work. each major construction material is assessed in detail, with separate sections on masonry, concrete, timber and the particularly complex issues of iron and steel framed buildings. Techniques for testing the ability of a building to continue its existing use or to be converted to a new use are explained. 
650 |a Historic buildings,Historic buildings,Historic buildings,Structural analysis (Engineering),Thiết kế kiến trúc,Thiết kế xây dựng,Phân tích cấu trúc 
650 |x Conservation and restoration,Maintenance and repair,Remodeling for other use 
904 |i Trọng Hải 
980 |a Trung tâm Học liệu Trường Đại học Cần Thơ